000 00432nam a2200157 i 4500
001 72512
003 ES-MaACL
005 20230906171445.0
007 t|
008 040901s1932 cu ||||1| spa d
100 1 _aGirón Cerna, Carlos.
_957269
245 1 0 _aGüipiles
_b: Guatemala /
_cpor Carlos Girón Cerna.
260 _aHabana :
_b[s.n.,
_c1932] (
_fImp. Rambla)
300 _a76 p. ;
_c22 cm.
852 _aES-MaACL
_j1781-F-16
999 _c72512
_d72512